| 000 | 01135namaa2200313 i 4500 | ||
|---|---|---|---|
| 001 | 190583 | ||
| 003 | ES-MaACL | ||
| 005 | 20240123112940.0 | ||
| 008 | 220105s2018 sp a | |||| 001 0bspa | ||
| 020 | _a978-84-666-6287-1 | ||
| 080 | _a929 García Lorca, Federico | ||
| 080 | _a94(460.357 G.)"1936/39" | ||
| 100 | 1 |
_aGibson, Ian, _d1939- _956666 |
|
| 245 | 1 | 3 |
_aEl asesinato de García Lorca / _cIan Gibson. |
| 250 | _a1ª ed. | ||
| 260 |
_a[Barcelona] : _bEdiciones B, _c[2018] |
||
| 300 |
_a456 p., [32] p. de lám. ; _c24 cm. |
||
| 490 | 1 | _aNo ficción | |
| 500 | _aÍndice onomástico y de publicaciones. | ||
| 504 | _aBibliografía: p. 399-427. | ||
| 600 | 1 | 4 |
_aGarcía Lorca, Federico, _d1898-1936- _xBiografías _954854 |
| 651 | 4 |
_aGranada- _xHistoria- _y1936-1939. _9166621 |
|
| 830 | 1 |
_aNo ficción _9225910 |
|
| 852 | 4 |
_aES-MaACL _jA-14843 _9 197761 _bOlim: N-7843 _cDEPO1 _g Dedicatoria autógrafa del autor _hDonación: Ian Gibson _xEncuadernación en cartone. |
|
| 903 |
_956666 _aGibson, Ian, _d1939- _ednr |
||
| 942 |
_2udc _cMONOGRAFIA |
||
| 999 |
_c190583 _d190583 |
||